R(on the application of Daejan Properties Ltd) v London LVT (Record no. 68767)

MARC details
000 -LEADER
fixed length control field 01930cam a2200265 4500
001 - CONTROL NUMBER
control field ABS64698
008 - FIXED-LENGTH DATA ELEMENTS--GENERAL INFORMATION
fixed length control field 011102n2001 000 0 eng u
035 ## - SYSTEM CONTROL NUMBER
System control number (Sirsi) u115460
245 ## - TITLE STATEMENT
Title R(on the application of Daejan Properties Ltd) v London LVT
260 ## - PUBLICATION, DISTRIBUTION, ETC.
Date of publication, distribution, etc. 2001
490 ## - SERIES STATEMENT
Series statement Estates Gazette Law Reports
Volume/sequential designation [2001] 43 EG 187-190(4)
520 ## - SUMMARY, ETC.
Summary, etc. CA 12 July 2001. The appellant landlord (D) owned a block of flats let on long leases where leasees paid service charges. A number of leasees applied to the respondent London LVT under the Landlord and Tenant Act 1987 s19(2A) claiming that service charges had been unreasonable and excessive over a number of years. At a preliminary hearing, the LVT interpreted the phrase 'alleged to be payable' in s19(2A) to refer to charges paid but not agreed as well as to those outstanding. The LVT also found the limitation period of 12 years to be applicable in the case of service charges. D's application for judicial review of the LVT's decision was dismissed. D appealed. Appeal allowed on the grounds that the LVT's jurisdiction is restricted to unpaid service charges and that the Limitation Act 1980 has no application to applications to the LVT under the Landlord and Tenant Act 1987 s19. Full copy of judgement available on http://porch.ccta.gov.uk/courtser/judgements.nsf/Search/0F587CAFA3EE0EE180256A8B0036A64E?OpenDocument.
590 ## - LOCAL NOTE (RLIN)
Local note ABS
650 ## - SUBJECT ADDED ENTRY--TOPICAL TERM
Topical term or geographic name entry element LIMITATION ACT 1980
650 ## - SUBJECT ADDED ENTRY--TOPICAL TERM
Topical term or geographic name entry element LANDLORD AND TENANT ACT 1987
650 ## - SUBJECT ADDED ENTRY--TOPICAL TERM
Topical term or geographic name entry element LEASEHOLD VALUATION TRIBUNAL
650 ## - SUBJECT ADDED ENTRY--TOPICAL TERM
Topical term or geographic name entry element JURISDICTION
650 ## - SUBJECT ADDED ENTRY--TOPICAL TERM
Topical term or geographic name entry element ALLEGED TO BE PAYABLE
650 ## - SUBJECT ADDED ENTRY--TOPICAL TERM
Topical term or geographic name entry element SERVICE CHARGES
650 ## - SUBJECT ADDED ENTRY--TOPICAL TERM
Topical term or geographic name entry element R V LONDON LVT EX P DAEJAN PROPERTIES LTD
650 ## - SUBJECT ADDED ENTRY--TOPICAL TERM
Topical term or geographic name entry element R V LONDON LVT EX P DAEJAN PROPERTIES LTD
690 ## - LOCAL SUBJECT ADDED ENTRY--TOPICAL TERM (OCLC, RLIN)
Topical term or geographic name as entry element LANDLORD AND TENANT-LEASES-CASE LAW
856 ## - ELECTRONIC LOCATION AND ACCESS
Uniform Resource Identifier <a href="https://porch.ccta.gov.uk/courtser/judgements.nsf/Search/0F587CAFA3EE0EE180256A8B0036A64E?OpenDocument">https://porch.ccta.gov.uk/courtser/judgements.nsf/Search/0F587CAFA3EE0EE180256A8B0036A64E?OpenDocument</a>
942 ## - ADDED ENTRY ELEMENTS (KOHA)
Suppress in OPAC 0
Holdings
Withdrawn status Lost status Source of classification or shelving scheme Damaged status Not for loan Home library Current library Shelving location Date acquired Total Checkouts Full call number Barcode Date last seen Copy number Price effective from Koha item type
    Dewey Decimal Classification     London London Journal article 02/11/2001   ABS64698 115460-1001 06/08/2019 1 06/08/2019 Law report